| 000 | 00888nam a2200265 i 4500 | ||
|---|---|---|---|
| 999 |
_c200440510 _d58722 |
||
| 003 | TR-AnTOB | ||
| 005 | 20240424143641.0 | ||
| 007 | ta | ||
| 008 | 210426s1996 tu g 000 0 tur d | ||
| 040 |
_aTR-AnTOB _beng _erda _cTR-AnTOB |
||
| 041 | 0 | _atur | |
| 050 | 1 | 4 |
_aHD4276.7 _b.K37 1996 |
| 090 |
_aTOBBK HD4276.7 _b.K37 1996 |
||
| 100 | 1 |
_aKarabacak, Yaşar _eauthor _9130015 |
|
| 245 | 1 | 0 |
_aTürkiye'deki devlet limanlarının özelleştirilmesi konusunda stratejiler ve uygulama yöntemleri / _cYaşar Karabacak. |
| 264 | 1 |
_aİzmir : _b[publisher not identified], _c1996. |
|
| 300 |
_a186 pages : _bgraphs, tables ; _c30 cm |
||
| 336 |
_atext _btxt _2rdacontent |
||
| 337 |
_aunmediated _bn _2rdamedia |
||
| 338 |
_avolume _bnc _2rdacarrier |
||
| 650 | 0 |
_aÖzelleştirme _zTürkiye _96512 |
|
| 942 |
_2z _cBK |
||